000 00614cam a22002293a 4500
001 5068
003 PGUSA
005 20140828083113.0
008 040201s2004||||xxu|||||s|||||000 | eng d
040 _aPGUSA
_beng
042 _adc
050 4 _aBJ
100 1 _aWilson, Woodrow,
_d1856-1924
245 1 0 _aOn Being Human
_h[electronic resource] /
_cWoodrow Wilson
260 _bProject Gutenberg,
_c2004
506 _aPublic domain in the USA.
516 _aElectronic text
653 _aConduct of life
830 0 _aProject Gutenberg
_v5068
856 4 0 _uhttp://www.gutenberg.org/ebooks/5068
942 _cEB
999 _c234397
_d234397